| 000 | 01169nam0a22003371 4500 | ||
|---|---|---|---|
| 001 | rc\2225435 | ||
| 005 | 20250623022820.0 | ||
| 035 | _a(NLR Aleph) 006529616 | ||
| 090 |
_a6519109 _c6519109 |
||
| 100 | _a20110826d1979 |||y0rusy50 ca | ||
| 101 | 0 | _arus | |
| 102 | _aRU | ||
| 105 | _aa z ||||| | ||
| 200 | 1 | _aСосудистое эхо эмоционального стресса | |
| 210 |
_aМосква _cЗнание _d1979 |
||
| 215 |
_a95 с. _cил. _d16 |
||
| 225 | 1 |
_aНародный университет _iФакультет здоровья _v№ 5 |
|
| 606 |
_aСердечно-сосудистые болезни _xЭтиология и патогенез _xРоль нервной системы _2psbo |
||
| 606 |
_aСтресс _2psbo |
||
| 686 |
_aР252.51я9 _2rubbk |
||
| 686 |
_a52.5 _2rubbk |
||
| 686 |
_aР410-16я9 _2rubbk |
||
| 700 | 1 |
_aСудаков _bК.В. _f1932- _gКонстантин Викторович |
|
| 801 | 0 |
_aRU _bNLR _gpsbo |
|
| 801 | 1 |
_aRU _bELAR _2rusmarc |
|
| 852 |
_aNLR _j79-2/755 |
||
| 899 |
_aRuMoRGB _j801-85/9434-4 |
||
| 899 |
_aRuMoRGB _jM 79-1/276 |
||
| 899 |
_aRuMoRGB _jM 79-1/277 |
||
| 942 | _cBOOK | ||
| 980 | _aNB | ||